| 000 | 01246nam0a22003011 4500 | ||
|---|---|---|---|
| 001 | rc\2561773 | ||
| 005 | 20260405155314.0 | ||
| 035 | _a(NLR Aleph) 006726691 | ||
| 090 |
_a5500720 _c5500720 |
||
| 100 | _a20110914d1927 u y0rusy50 ca | ||
| 101 | 1 |
_arus _cfre |
|
| 102 | _aRU | ||
| 105 | _ay z |||a| | ||
| 200 | 1 |
_aДетство Адриена Зографи. (Кодин) _eРассказы _fПер. с фр. Р. Райт |
|
| 210 |
_aМосква _aЛенинград _cГос. изд-во _d1927 _eМосква _g1-я Образцовая тип. |
||
| 215 |
_a157, [2] с. _d14х10 см. |
||
| 225 | 1 |
_aУниверсальная библиотека _v№ 368-370 |
|
| 300 | _aНа обороте тит. листа: "Panait Istrati. L'enfance d'Adrien Zograffi. Codine" | ||
| 300 | _aДополнение: "Автобиография" | ||
| 517 | 0 | _aКодин | |
| 700 | 1 |
_aИстрати _bП. _f1884-1935 _gПанаит |
|
| 702 | 1 |
_4730 _aРайт-Ковалева _bР. Я. _cпереводчик, писатель _f1898-1988 _gРаиса Яковлевна _3RU\NLR\AUTH\7766118 _949047 |
|
| 801 | 0 |
_aRU _bNLR _gpsbo |
|
| 801 | 1 |
_aRU _bELAR _2rusmarc |
|
| 852 |
_aNLR _j38.55.5.8(368-370) |
||
| 942 | _cBOOK | ||
| 980 | _aNB | ||